000
00303nam a2200133Ia 4500
082
_a
150
_b
I05M
100
_a
MORGAN , CLIFFORD T.
245
_a
INTRODUCTION TO PSYCHOLOGY
250
_a
7TH
260
_b
TATA MC GROW HILL
_a
INDIA
_c
2005
300
_a
1-724
650
_a
PSYCHOLOGY
942
_2
ddc
_c
BK
_0
26
999
_c
1473
_d
1473